000 00758nam a2200217 i 4500
001 44591
003 ES-MaACL
005 20230906161047.0
007 t|
008 030321s1888 sp ||||1| spa d
110 1 _aFilipinas (Capitanía General)
_9161679
240 1 0 _aCódigo de comercio, 1888
245 1 0 _aCódigo de comercio para las Islas Filipinas y demás archipielagos españoles de Oceanía.
250 _aEd. oficial.
260 _aMadrid :
_b[s.n.],
_c1888 (
_fRamón Moreno)
300 _aVI, 299 p. ;
_c23 cm.
530 _aDisponible en formato digital.
650 _aDerecho mercantil-
_zFilipinas.
_9161681
852 _aES-MaACL
_jC-3217
856 _uhttp://bdh-rd.bne.es/viewer.vm?id=0000125953&page=1
_zBiblioteca Digital Hispánica
999 _c44591
_d44591